00823 2200217 4500001002100000005001500021035002000036008004100056245004800097100001700145250000600162260003600168300002900204020002200233084001400255520011400269520018800383082000800571650001400579990001200593INLIS00000000000005120240502103109 a0010-0424000027240502 0 ind 1 aHow To Master Your Habits /cFelix Y. Siauw aSiauw, Felix a1 aJakarta :bAlfatih Press,c2018 a169 hlm ;c14 cm x 21 Cm a978-602-179-972-7 a200 FEL h aAda satu pertanyaan yang selalu menarik untuk dibahas bagi siapapun yang peduli pada proses pengembangan diri amengapa satu orang bisa menguasai satu keahlian tertentu sementara yang lain tidak? lebih jauh lagi pertanyaannya berkembang menjadi bagaimana seseorang bisa menguasai suatu keahlian? a200 4aNon Fiksi a0737330